Những vụ việc tranh chấp trong giao dịch hàng hải quốc tế

Gorde:
Xehetasun bibliografikoak
Egile nagusia: Đỗ, Hữu Vinh
Formatua: Liburua
Hizkuntza:Undetermined
Argitaratua: Thành phố Hồ Chí Minh Đại học Quốc gia Thành phố Hồ Chí Minh 2003
Gaiak:
Etiketak: Etiketa erantsi
Etiketarik gabe, Izan zaitez lehena erregistro honi etiketa jartzen!
Thư viện lưu trữ: Trung tâm Học liệu Trường Đại học Cần Thơ
LEADER 00661nam a2200193Ia 4500
001 CTU_61586
008 210402s9999 xx 000 0 und d
020 |c 36000 
082 |a 387.5 
082 |b V312 
100 |a Đỗ, Hữu Vinh 
245 0 |a Những vụ việc tranh chấp trong giao dịch hàng hải quốc tế 
245 0 |c Đỗ Hữu Vinh 
260 |a Thành phố Hồ Chí Minh 
260 |b Đại học Quốc gia Thành phố Hồ Chí Minh 
260 |c 2003 
650 |a Marine transportation,Vận tải biển 
904 |i Minh,Hải 
980 |a Trung tâm Học liệu Trường Đại học Cần Thơ